Países socialistas y países liberados: relaciones financieras /

Guardat en:
Dades bibliogràfiques
Autor principal: Chéjutov, Andrei
Format: Text
Etiquetes: Afegir etiqueta
Sense etiquetes, Sigues el primer a etiquetar aquest registre!

MARC

LEADER 00000 a a2200000 04500
001 3158
003
040
100 |a Chéjutov, Andrei  
245 |a Países socialistas y países liberados:   |b relaciones financieras /  |c Andrei Chéjutov 
773 |g número 2; páginas 173-187  
999 |c 31946  |d 31946